[Event "SISPL Challenge"]
[Site "http://www.queenalice.com/game.php?id=203440"]
[Date "2007.4.28"]
[Round "2"]
[White "danabreu"]
[Black "marvin"]
[Result "0-1"]
[WhiteElo "1055"]
[BlackElo "1338"]

1. d3 e5 2. Be3 Nc6 3. Nc3 d5 4. g3 d4 5. Ne4 dxe3 6. fxe3 f5 7. Ng5 Qxg5 8. Nf3
Qxe3 9. Qd2 Bb4 10. O-O-O Bxd2+ 11. Rxd2 Qf2 12. Rd1 Nb4 13. Nxe5 Be6 14. Ng4
fxg4 15. e4 Qxc2# 0-1

[Event "Challenge"]
[Site "http://www.queenalice.com/game.php?id=208817"]
[Date "2007.5.10"]
[Round "-"]
[White "mogerio"]
[Black "marvin"]
[Result "0-1"]
[WhiteElo "1334"]
[BlackElo "1354"]

1. e4 e5 2. d3 Nc6 3. Nf3 d6 4. Be2 Nf6 5. Nc3 Be6 6. O-O Nh5 7. Nb5 a6 8. Nc3
b5 9. Nb1 d5 10. exd5 Bxd5 11. Nc3 h6 12. Nh4 Qxh4 13. g3 Nxg3 14. fxg3 Qd4+ 15.
Rf2 Bc5 16. Qf1 Qxf2+ 17. Qxf2 Bxf2+ 18. Kxf2 O-O-O 19. Bg4+ Kb8 20. Nxd5 Rxd5
21. Bf3 Rc5 22. Be3 Rxc2+ 23. Be2 Nd4 24. Bxd4 exd4 25. Rf1 Re8 26. Re1 Rxb2 27.
h3 Rxa2 28. g4 b4 29. h4 b3 30. g5 b2 31. gxh6 Ra1 32. hxg7 Rxe1 33. Kxe1 b1=Q+
34. Kf2 Rg8 35. Kf3 Qe1 36. Ke4 Qxe2+ 37. Kxd4 Rxg7 38. h5 Qxh5 39. Ke3 Rg3+ 40.
Kf2 Qf3+ 41. Ke1 Rg2 42. d4 Qe2# 0-1

[Event "Challenge"]
[Site "http://www.queenalice.com/game.php?id=210406"]
[Date "2007.5.13"]
[Round "-"]
[White "Icarvs"]
[Black "marvin"]
[Result "0-1"]
[WhiteElo "1402"]
[BlackElo "1338"]

1. e4 Nf6 2. Bc4 c6 3. Bxf7+ Kxf7 4. e5 Nd5 5. Qh5+ g6 6. Qf3+ Ke8 7. d4 e6 8.
c3 d6 9. Bf4 Bg7 10. Nh3 dxe5 11. dxe5 h6 12. Bg3 Rf8 13. Qe2 h5 14. O-O h4 15.
Bf4 Nxf4 16. Nxf4 Rxf4 17. Nd2 Nd7 18. Nc4 b5 19. Nd6+ Kf8 20. Ne4 Nxe5 21. Rad1
Qe7 22. b3 c5 23. Rfe1 Bb7 24. Qc2 Rd8 25. Rxd8+ Qxd8 26. Nxc5 Qd5 27. Nxb7 Qxb7
28. c4 bxc4 29. bxc4 Nxc4 30. Rxe6 Rg4 31. h3 Qxg2# 0-1

[Event "SISPL Challenge"]
[Site "http://www.queenalice.com/game.php?id=211003"]
[Date "2007.5.15"]
[Round "3"]
[White "marvin"]
[Black "bonzinho"]
[Result "1-0"]
[WhiteElo "1417"]
[BlackElo "1378"]

1. e4 d5 2. Nc3 d4 3. Na4 Nf6 4. Nf3 Nxe4 5. Nxd4 Qxd4 6. Bb5+ c6 7. c3 Qe5 8.
Bd3 Nc5+ 9. Be2 Nd3+ 10. Kf1 Nxc1 11. Rxc1 b5 12. d4 Qg5 13. h4 Qf6 14. Nc5 h5
15. Bxh5 g6 16. Bg4 Rxh4 17. Rxh4 Qxh4 18. Bxc8 Qh1+ 19. Ke2 Qxg2 20. Bb7 Bh6
21. Qh1 Qg4+ 22. f3 Qf4 23. Re1 Qd2+ 24. Kf1 Na6 25. Bxa8 Nxc5 26. dxc5 Be3 27.
Bxc6+ Kd8 28. Qg2 Qxg2+ 29. Kxg2 Bxc5 30. b4 Bd6 31. Bxb5 f5 32. Re6 Bf4 33.
Rxg6 Bd2 34. Rc6 Kd7 35. a3 e5 36. Rf6+ Ke7 37. Rxf5 Bxc3 38. Rxe5+ Bxe5 39. Kh3
Bb2 40. a4 Ba3 41. f4 Bxb4 42. f5 Kf6 43. Kg4 Ba5 44. Kf4 Bd2+ 45. Ke4 Bc3 46.
Bd3 Ke7 47. Kd5 Kd7 48. Kc4 Be1 49. Kb5 Bc3 50. Ka6 Bd4 51. Bb5+ Kd6 52. Bc4 Kc5
53. Be6 Kb4 54. a5 Kc3 55. Kb5 Kd3 56. Kc6 Ke4 57. Kd6 Be5+ 58. Ke7 Bd4 59. f6
Bc5+ 60. Kd7 Ke5 61. f7 Bd6 62. Bb3 Bb4 63. Ke8 a6 64. Bc4 Kd4 65. Bxa6 Bc5 66.
Bc8 Kd5 67. a6 Kc6 68. a7 Bxa7 69. f8=Q Kc7 70. Qf5 Be3 71. Be6 Kd6 72. Qd5+ Kc7
73. Qe5+ Kc6 74. Qxe3 Kd6 75. Qe4 Kc5 76. Qd5+ Kb4 77. Kd7 Kc3 78. Kc6 Kb4 79.
Qc5+ Ka4 80. Qb5+ Ka3 81. Qa5+ Kb2 82. Qc5 Kb1 83. Qc4 Kb2 84. Kb5 Ka3 85. Qb4#
1-0

[Event "Challenge"]
[Site "http://www.queenalice.com/game.php?id=211952"]
[Date "2007.5.16"]
[Round "-"]
[White "marvin"]
[Black "genethetrucker"]
[Result "1-0"]
[WhiteElo "1382"]
[BlackElo "1397"]

1. e4 e5 2. Nf3 Nc6 3. d4 d6 4. dxe5 Bg4 5. exd6 Bxd6 6. h3 Bh5 7. g4 Bg6 8. Nc3
Bb4 9. Qxd8+ Rxd8 10. a3 Bxc3+ 11. bxc3 Bxe4 12. Be2 Nf6 13. Bf4 Rd7 14. Rd1 Re7
15. O-O O-O 16. Rd2 Nd5 17. Be3 Nxc3 18. Bc5 Nxe2+ 19. Rxe2 Rfe8 20. Bxe7 Rxe7
21. Rfe1 f5 22. gxf5 Bxf5 23. Rxe7 Nxe7 24. Rxe7 Kf8 25. Rxc7 g6 26. Rxb7 Bxc2
27. Rxa7 Kg8 28. a4 Be4 29. Ng5 1-0

[Event "Challenge"]
[Site "http://www.queenalice.com/game.php?id=216179"]
[Date "2007.5.25"]
[Round "-"]
[White "Jorge"]
[Black "marvin"]
[Result "0-1"]
[WhiteElo "1450"]
[BlackElo "1399"]

1. e4 e5 2. Nf3 d6 3. Bc4 f5 4. exf5 Bxf5 5. O-O d5 6. Bb5+ c6 7. Ba4 b5 8. Bb3
e4 9. Ne5 Qd6 10. Ng4 h5 11. Ne3 Qe5 12. d4 exd3 13. Nxf5 Qxf5 14. cxd3 a5 15.
Nd2 Bd6 16. Nf3 Na6 17. a3 a4 18. Bc2 g5 19. Nxg5 O-O-O 20. d4 Qf6 21. Ne4 dxe4
22. Bxe4 Ne7 23. Bf3 c5 24. Be3 cxd4 25. Bxd4 Be5 26. Qc2+ Kb8 27. Bc3 Rc8 28.
Bxe5+ Qxe5 29. Qd2 Nf5 30. Rae1 Qd6 31. Qg5 Nd4 32. Rd1 Nxf3+ 33. Kh1 Qxh2# 0-1

[Event "Challenge"]
[Site "http://www.queenalice.com/game.php?id=217592"]
[Date "2007.5.28"]
[Round "-"]
[White "samuka_dt"]
[Black "marvin"]
[Result "1-0"]
[WhiteElo "1168"]
[BlackElo "1461"]

1. e4 e5 2. Nf3 d6 3. Nc3 c5 4. Bc4 Nc6 5. Nd5 a6 6. d3 b5 7. Bg5 f6 8. Be3 bxc4
9. dxc4 Nge7 10. O-O Rb8 11. Nxe7 Qxe7 12. Nh4 g5 13. Nf5 Bxf5 14. exf5 Na5 15.
b3 h5 16. f3 e4 17. Kh1 exf3 18. Qxf3 g4 19. Qd5 Qxe3 20. Rae1 Qe5 21. Rxe5+
dxe5 22. Rd1 Be7 23. Qd7+ Kf7 24. Qe6+ Kf8 25. Rd7 Rh7 26. Qxa6 Rd8 27. Qe6 h4
28. Rxd8+ Bxd8 29. Qd6+ Be7 30. Qb8+ Kg7 31. b4 cxb4 32. Qb6 Nxc4 33. Qc7 Kh6
34. Qxc4 Rh8 35. Qf7 Rd8 36. Qg6# 1-0

[Event "Challenge"]
[Site "http://www.queenalice.com/game.php?id=219156"]
[Date "2007.6.1"]
[Round "-"]
[White "amadeurr"]
[Black "marvin"]
[Result "1-0"]
[WhiteElo "1404"]
[BlackElo "1461"]

1. e4 e5 2. Nf3 Nc6 3. Bc4 Nf6 4. Ng5 Rg8 5. Bxf7+ Ke7 6. Bxg8 Nxg8 7. d3 h6 8.
Nf3 b6 9. O-O g5 10. Nc3 g4 11. Nd5+ Ke8 12. Nh4 Nd4 13. Qxg4 Nf6 14. Qg6# 1-0

[Event "Challenge"]
[Site "http://www.queenalice.com/game.php?id=219157"]
[Date "2007.6.1"]
[Round "-"]
[White "amadeurr"]
[Black "marvin"]
[Result "0-1"]
[WhiteElo "1303"]
[BlackElo "1476"]

1. e4 e5 2. Nf3 d5 3. Bb5+ c6 4. Ba4 b5 5. Bb3 Bd6 6. exd5 e4 7. dxc6 exf3 8.
Qxf3 f5 9. O-O Ne7 10. c7 Bxc7 11. Qxa8 Nec6 12. Re1+ Kf8 13. Nc3 Qd6 14. Nxb5
Qxh2+ 15. Kf1 Ba6 16. d3 Bxb5 17. Qb7 Qh1+ 18. Ke2 Nd4+ 19. Kd1 Qh5+ 20. f3 Nxb3
21. Qc8+ Be8 22. Be3 Nxa1 23. Qxc7 Nc6 24. Bc5+ Kg8 25. Qd6 Qf7 26. b4 g5 27.
Bd4 Nxd4 28. Qxd4 Qxa2 29. Rxe8+ Kf7 30. Rxh8 Nxc2 31. Rxh7+ Ke6 32. Rh6+ Kf7
0-1

[Event "Challenge"]
[Site "http://www.queenalice.com/game.php?id=222823"]
[Date "2007.6.9"]
[Round "-"]
[White "mogerio"]
[Black "marvin"]
[Result "0-1"]
[WhiteElo "1306"]
[BlackElo "1433"]

1. e4 e5 2. d4 Qe7 3. dxe5 Qxe5 4. f3 c5 5. c3 d5 6. Nh3 dxe4 7. fxe4 Qxe4+ 8.
Qe2 f5 9. g3 Be7 10. Qxe4 fxe4 11. c4 h6 12. Be2 Bxh3 13. Bf1 Bg4 14. h3 Bf3 15.
Rg1 g5 16. Bg2 h5 17. Bxf3 exf3 18. Rf1 g4 19. hxg4 hxg4 20. Nc3 Nf6 21. Kf2 Nc6
22. Bg5 O-O-O 23. Nb5 Ne4+ 24. Ke1 Bxg5 25. Rd1 f2+ 26. Ke2 Nxg3+ 27. Kxf2 Nxf1
28. Rxf1 Rhf8+ 29. Ke1 Rde8+ 30. Kd1 Rxf1+ 31. Kc2 a6 32. Na7+ Nxa7 33. Kc3 Rc1+
34. Kb3 b5 35. Ka3 Re3+ 36. b3 b4+ 37. Ka4 Ra1 38. a3 Rxa3# 0-1

[Event "SISPL Challenge"]
[Site "http://www.queenalice.com/game.php?id=228253"]
[Date "2007.6.20"]
[Round "4"]
[White "erichans"]
[Black "marvin"]
[Result "1-0"]
[WhiteElo "1921"]
[BlackElo "1463"]

1. e4 e5 2. Nf3 d5 3. Nxe5 dxe4 4. Bc4 Be6 5. Bxe6 fxe6 6. Qh5+ g6 7. Nxg6 Nf6
8. Qh3 Rg8 9. Qxe6+ Be7 10. Ne5 Qd6 11. Qf7+ Kd8 12. Qxg8+ Nxg8 13. Nf7+ Ke8 14.
Nxd6+ cxd6 15. d4 d5 16. Nc3 Nc6 17. Nxd5 Bd6 18. c3 b6 19. Bf4 Kd7 20. O-O-O
Rf8 21. Bg3 Nh6 22. Rhe1 Rf5 23. Ne3 Rg5 24. Bxd6 Kxd6 25. h4 Ra5 26. a3 Ke6 27.
d5+ Kd6 28. dxc6+ Kxc6 29. Nc4 Rf5 30. Rd6+ Kb5 31. Rxh6 Kxc4 32. Rxe4+ Kd3 33.
Re3+ Kc4 34. f3 b5 35. Rxh7 a5 36. g4 Rc5 37. Kc2 b4 38. axb4 axb4 39. Re4+ Kd5
40. Rh5+ Kc6 41. Rxc5+ Kxc5 42. Rxb4 Kd5 43. f4 Ke6 44. f5+ Kf6 45. Rb6+ Ke5 46.
f6 Kf4 47. f7 Kxg4 48. f8=R 1-0

[Event "Challenge"]
[Site "http://www.queenalice.com/game.php?id=228269"]
[Date "2007.6.20"]
[Round "-"]
[White "lica"]
[Black "marvin"]
[Result "0-1"]
[WhiteElo "1326"]
[BlackElo "1452"]

1. e4 e5 2. Nf3 Nc6 3. d3 d5 4. Nc3 d4 5. Nb5 a6 6. Bg5 f6 7. a4 fxg5 8. c3 axb5
9. Qb3 bxa4 10. Rxa4 Rxa4 11. Qxa4 dxc3 12. bxc3 g4 13. Nd2 Bc5 14. Be2 Qf6 15.
f3 gxf3 16. gxf3 Qh4+ 17. Kd1 g5 18. Kc2 Nf6 19. Nb3 Qf2 20. Kd1 Bd7 21. Qa8+
Nd8 22. Rf1 Qxh2 23. Nxc5 Rg8 24. Qa2 h5 25. Qb2 g4 26. fxg4 Nxg4 27. Nxd7 Kxd7
28. Rf7+ Nxf7 29. Qb5+ Kc8 30. Qa5 Ne3+ 31. Kd2 Nf1+ 32. Kd1 Rg1 33. c4 Ne3+ 34.
Kd2 Qf2 35. Qa8+ Kd7 36. Qa4+ c6 37. Qa2 Qe1+ 38. Kxe3 Rg3# 0-1

[Event "Challenge"]
[Site "http://www.queenalice.com/game.php?id=228550"]
[Date "2007.6.21"]
[Round "-"]
[White "andrefriburgo"]
[Black "marvin"]
[Result "0-1"]
[WhiteElo "1239"]
[BlackElo "1444"]

1. e4 e5 2. Nc3 Nc6 3. Nf3 g5 4. Bc4 g4 5. Ng5 Qxg5 6. O-O Na5 7. Bd3 c5 8. Nb5
Kd8 9. Qf3 gxf3 10. Nd6 Bxd6 11. g3 c4 12. h4 Qg4 13. Bxc4 Nxc4 14. d3 Qh3 15.
Bg5+ f6 16. Bxf6+ Nxf6 17. dxc4 Qg2# 0-1

[Event "Challenge"]
[Site "http://www.queenalice.com/game.php?id=234150"]
[Date "2007.7.3"]
[Round "-"]
[White "mogerio"]
[Black "marvin"]
[Result "0-1"]
[WhiteElo "1385"]
[BlackElo "1433"]

1. e4 e5 2. d4 Qh4 3. dxe5 Qxe4+ 4. Qe2 f5 5. g4 Qb4+ 6. c3 Qxg4 7. f3 Qh4+ 8.
Qf2 Be7 9. Ke2 Nc6 10. f4 d6 11. exd6 cxd6 12. Nf3 Qxf2+ 13. Kxf2 d5 14. Be2 Nf6
15. Bd3 Ng4+ 16. Kf1 O-O 17. Rg1 Nh6 18. b3 Bc5 19. Rg3 d4 20. cxd4 Nxd4 21.
Nbd2 g5 22. Rxg5+ Kh8 23. Bb2 Be7 24. Rg3 Bf6 25. Nxd4 Rd8 26. Kf2 Bxd4+ 27.
Bxd4+ Rxd4 28. Rg6 hxg6 29. Re1 Rxd3 30. Re3 Rxd2+ 31. Kf3 Ng4 32. Re8+ Kh7 33.
Re7+ Kh6 34. a3 b5 35. Re8 Bb7+ 36. Kg3 Rxe8 37. a4 Rxh2 38. axb5 Re3# 0-1

[Event "Challenge"]
[Site "http://www.queenalice.com/game.php?id=239543"]
[Date "2007.7.13"]
[Round "-"]
[White "foda"]
[Black "marvin"]
[Result "1/2-1/2"]
[WhiteElo "1315"]
[BlackElo "1485"]

1. e4 e5 2. Nf3 Nc6 3. Bb5 Nd4 4. Nxd4 exd4 5. c3 c6 6. Bc4 b5 7. Bb3 Qh4 8. g3
Qxe4+ 9. Qe2 Qxe2+ 10. Kxe2 Bb7 11. cxd4 O-O-O 12. Bxf7 c5 13. Re1 Nh6 14. Bh5
g6 15. Bf3 Re8+ 16. Kf1 Rxe1+ 17. Kxe1 Bxf3 18. a4 bxa4 19. Rxa4 Bg7 20. Rxa7
Bxd4 21. d3 Re8+ 22. Kf1 Be2+ 23. Kg2 Bxd3 24. Ra8+ Kc7 25. Rxe8 Bxb1 26. Bxh6
c4 27. Bf4+ d6 28. Re7+ Kc6 29. Re6 Bxb2 30. Rxd6+ Kc5 31. Rd1 Bc2 32. Rd2 Be4+
33. Kg1 c3 34. Be3+ Kb5 35. Rd4 Bb1 36. Rd5+ Kb4 37. Rd4+ Kb3 38. Rd7 c2 39.
Rb7+ Kc3 40. Rc7+ Kd3 41. Rd7+ Ke2 42. Rc7 Be5 43. Rxh7 Kd3 44. Rd7+ Ke4 45. Rh7
Bd4 46. Rh4+ Kd3 47. Rxd4+ Kc3 48. Rd6 Kb2 49. Rb6+ Ka2 50. Ra6+ Kb3 51. Rxg6
c1=Q+ 52. Bxc1 Bxg6 53. f4 Kc2 54. Ba3 Kb3 55. Bd6 Kc4 56. g4 Kd5 57. f5 Bxf5
58. gxf5 Kxd6 59. h4 Ke5 60. f6 Kxf6 61. Kg2 Kg6 62. Kg3 Kh5 63. Kh3 Kg6 64. Kg4
Kh6 65. h5 Kh7 66. Kg5 Kg7 67. h6+ Kh7 68. Kh5 Kh8 69. Kg6 Kg8 70. h7+ Kh8 71.
Kh6 1/2-1/2

[Event "Challenge"]
[Site "http://www.queenalice.com/game.php?id=244960"]
[Date "2007.7.24"]
[Round "-"]
[White "rafaelbdb"]
[Black "marvin"]
[Result "0-1"]
[WhiteElo "1374"]
[BlackElo "1447"]

1. e4 e5 2. Nf3 Nc6 3. Nc3 d6 4. Bb5 Bd7 5. O-O a6 6. Bc4 b5 7. Bd5 b4 8. Na4
Rb8 9. Ng5 Qxg5 10. d4 Qg4 11. Qxg4 Bxg4 12. Bxc6+ Bd7 13. Bxd7+ Kxd7 14. b3 Nf6
15. dxe5 dxe5 16. Nc5+ Bxc5 17. Bb2 Bd4 18. Bxd4 exd4 19. Rad1 c5 20. Rfe1 Rhe8
21. e5 Nd5 22. g3 f5 23. exf6 Rxe1+ 24. Rxe1 gxf6 0-1

[Event "Dominicini"]
[Site "http://www.queenalice.com/game.php?id=266076"]
[Date "2007.9.3"]
[Round "1"]
[White "marvin"]
[Black "pensalo"]
[Result "0-1"]
[WhiteElo "1476"]
[BlackElo "2311"]

1. e4 e6 2. b3 d5 3. f3 dxe4 4. fxe4 Qh4+ 5. g3 Qxe4+ 6. Qe2 Qxh1 7. Nf3 b6 8.
Qe4 c6 9. Bb2 Ba6 10. c4 Bb7 11. Nc3 Nf6 12. Qd3 c5 13. Nb5 Qxf3 14. Qc2 Ng4 15.
Nc7+ Kd7 16. Nxa8 Qf2+ 17. Kd1 Qxf1# 0-1

[Event "Dominicini"]
[Site "http://www.queenalice.com/game.php?id=303169"]
[Date "2007.11.13"]
[Round "2"]
[White "Zugzwang"]
[Black "marvin"]
[Result "1-0"]
[WhiteElo "1331"]
[BlackElo "1478"]

1. e4 e5 2. f4 exf4 3. Nf3 g5 4. d4 Nf6 5. Nc3 g4 6. Ne5 d6 7. Nd3 c5 8. dxc5
dxc5 9. Nxf4 Bd6 10. Bb5+ Bd7 11. Qxd6 Qe7 12. Qxe7+ Kxe7 13. Bxd7 Nbxd7 14.
Ncd5+ Kd6 15. Nxf6 Nxf6 16. Be3 Nxe4 17. O-O-O+ Kc6 18. Rhf1 Rhe8 19. Nd5 Re5
20. Nf6 h5 21. Nxe4 Rxe4 22. Rf6+ Kb5 23. Re1 Rae8 24. Kd2 Rd8+ 25. Ke2 Rde8 26.
Kd3 c4+ 27. Kd2 Rd8+ 28. Ke2 Rde8 29. Kf2 h4 30. Rxf7 Ka4 31. Rxb7 Rf8+ 32. Ke2
a5 33. b3+ Ka3 34. Ra7 Kb2 35. bxc4 Kxc2 36. Rxa5 g3 37. hxg3 hxg3 38. Rc1+ Kb2
39. Rb5+ Kxa2 40. Kd3 Rfe8 41. Bd4 Re3+ 42. Bxe3 Rd8+ 43. Bd4 Ka3 44. Ra1# 1-0